000 00685nam a2200277Ia 4500
005 20250425161807.0
008 250425s9999 xx 000 0 und d
020 _a842341681X
041 _aspa
043 _ack
082 _a086.61
100 _aHARVARD, BUSINESS REVIEW
245 0 _aHARVARD BUSINESS REVIEW: LA INICIATIVA EMPRENDEDORA
250 _a1A ED.
260 _aBOGOTA
260 _aColombia
_bDEUSTO S.A
_c1999
300 _a234
650 _aADMINISTRACION DE EMPRESAS
650 _aEMPRESAS
650 _aGERENTES
650 _aNEGOCIOS
650 _aPLANIFICACION ESTRATEGICA
710 _aEDICIONES DEUSTO S.A.
942 _c01
010 _a29427
999 _c216214
_d216214